000
00247 a2200085 4500
020
_a
9789387193987
100
_a
Appal Sunejja
245
_a
Architectural Journalism & Criticism - Competition Series (2017-18)
260
_b
white falcon publishing
_c
2018
999
_c
13549
_d
13549